[Event "I Torneo Cecchina A"]
[Site "Roma ITA"]
[Date "1997.??.??"]
[Round "8"]
[White "Moroni, Marco"]
[Black "Colantonio, Marco"]
[Result "1-0"]
[WhiteElo "1806"]
[BlackElo "1543"]
[PlyCount "51"]
[EventDate "1997.??.??"]

1. e4 e6 2. d4 d5 3. Nd2 Nf6 4. e5 Nfd7 5. Bd3 c5 6. c3 Nc6 7. Ne2 cxd4 8. cxd4
f6 9. exf6 Qxf6 10. Nf3 Bd6 11. a3 e5 12. dxe5 Ndxe5 13. Nxe5 Bxe5 14. O-O Be6
15. Rb1 O-O 16. b4 a6 17. f4 Bb8 18. Kh1 Ba7 19. f5 Rad8 20. Bb2 Ne5 21. Bxe5
Qxe5 22. fxe6 Rxf1+ 23. Qxf1 Rf8 24. Bxh7+ Kxh7 25. Qxf8 Bb8 26. Ng3 1-0

[Event "I Torneo Cecchina A"]
[Site "Roma ITA"]
[Date "1997.??.??"]
[Round "8"]
[White "Orazi, Carlo"]
[Black "Gatto, Mario"]
[Result "1-0"]
[WhiteElo "1600"]
[BlackElo "1543"]
[PlyCount "109"]
[EventDate "1997.??.??"]

1. d4 Nf6 2. c4 g6 3. Nc3 Bg7 4. e4 d6 5. f3 O-O 6. Bg5 h6 7. Be3 e5 8. d5 a6
9. Qd2 Kh7 10. Bd3 Ng8 11. Nge2 f5 12. exf5 Bxf5 13. Ng3 Bxd3 14. Qxd3 Nd7 15.
h4 h5 16. Nxh5 Ndf6 17. Nxg7 Kxg7 18. Bg5 Ne7 19. O-O-O Rh8 20. g4 Qe8 21. Rh3
Qf7 22. Bxf6+ Qxf6 23. Ne4 Qf4+ 24. Kb1 Rac8 25. Ng5 Qf6 26. Ne6+ Kg8 27. Rdh1
b5 28. h5 bxc4 29. Qxc4 gxh5 30. gxh5 c5 31. Qxa6 Kf7 32. Qxd6 Rb8 33. Qxc5
Qf5+ 34. Qc2 Qxc2+ 35. Kxc2 Nxd5 36. Ng5+ Ke7 37. Ne4 Rhg8 38. Rg3 Rgc8+ 39.
Kb1 Nc3+ 40. Nxc3 Rxc3 41. Rc1 Re3 42. h6 Re2 43. b3 Rd8 44. Rc2 Re1+ 45. Kb2
Ke6 46. Rh2 Rh8 47. h7 Kf6 48. Rg8 Rxh7 49. Rxh7 Re2+ 50. Ka3 e4 51. fxe4 Rxe4
52. Rh6+ Kf7 53. Rgg6 Re8 54. b4 Ra8+ 55. Ra6 1-0

[Event "I Torneo Cecchina A"]
[Site "Roma ITA"]
[Date "1997.??.??"]
[Round "8"]
[White "Palombi, Roberto"]
[Black "De Blasio, Alessandro"]
[Result "1-0"]
[WhiteElo "2055"]
[BlackElo "1570"]
[PlyCount "117"]
[EventDate "1997.??.??"]

1. d4 d5 2. Nf3 Nf6 3. e3 Bf5 4. Nbd2 e6 5. Be2 h6 6. O-O c5 7. c3 cxd4 8. exd4
Bd6 9. Re1 O-O 10. Nh4 Bh7 11. g3 Nc6 12. Ng2 a6 13. Nb3 b5 14. a3 Qb6 15. Bf4
Bxf4 16. Nxf4 a5 17. Nc5 Ra7 18. Bd3 Bxd3 19. Nfxd3 Nd7 20. Qd2 Ncb8 21. b4 a4
22. f4 Re8 23. Re3 Nf8 24. Qe2 Nbd7 25. Re1 Rc7 26. Qf2 Qd6 27. Qf1 Nb6 28. Ne5
Nc4 29. Nxc4 dxc4 30. Qf3 Rce7 31. h4 f6 32. Qh5 Nd7 33. Nxd7 Qxd7 34. Qc5 Kf7
35. f5 exf5 36. Rxe7+ Rxe7 37. Rxe7+ Qxe7 38. Qxe7+ Kxe7 39. h5 Kf7 40. Kf2 g5
41. hxg6+ Kxg6 42. Kf3 Kf7 43. d5 Ke7 44. Kf4 Kd6 45. Kxf5 Kxd5 46. g4 Kd6 47.
Kxf6 Kd5 48. Kf5 Kd6 49. Kg6 Ke5 50. Kxh6 Ke4 51. g5 Kd3 52. g6 Kxc3 53. g7 Kb3
54. g8=Q Kxa3 55. Qg1 Kxb4 56. Qb1+ Kc5 57. Qb2 b4 58. Qe5+ Kb6 59. Qd6+ 1-0

[Event "I Torneo Cecchina A"]
[Site "Roma ITA"]
[Date "1997.??.??"]
[Round "8"]
[White "Pasqualucci, Colombo"]
[Black "Vigile, Matteo"]
[Result "1/2-1/2"]
[WhiteElo "1794"]
[BlackElo "1771"]
[PlyCount "82"]
[EventDate "1997.??.??"]

1. e4 e5 2. Nf3 Nc6 3. d4 exd4 4. Bc4 Nf6 5. O-O Nxe4 6. Re1 d5 7. Bxd5 Qxd5 8.
Nc3 Qh5 9. Nxe4 Be7 10. Bg5 h6 11. Bxe7 Nxe7 12. Qxd4 Be6 13. Nc5 O-O 14. Nxe6
fxe6 15. Rxe6 Nc6 16. Qc4 Rf7 17. Rae1 Qf5 18. Qe4 Raf8 19. c3 Qxe4 20. R6xe4
Rd7 21. Ne5 Nxe5 22. Rxe5 Rd2 23. R5e2 Rfd8 24. f3 Kf8 25. Kf2 Rxe2+ 26. Kxe2
Kf7 27. Rd1 Re8+ 28. Kf2 Re7 29. Rd4 c5 30. Rf4+ Kg6 31. g4 h5 32. Re4 Rd7 33.
Ke2 hxg4 34. fxg4 b6 35. h4 Kf6 36. Re3 g6 37. a3 Rh7 38. Rh3 Re7+ 39. Kd3 Rd7+
40. Kc2 Ke5 41. Rf3 Rh7 1/2-1/2

[Event "I Torneo Cecchina A"]
[Site "Roma ITA"]
[Date "1997.??.??"]
[Round "8"]
[White "Rossi De Gasperis, Pietro"]
[Black "Vannelli, Vittorio"]
[Result "1-0"]
[WhiteElo "1800"]
[BlackElo "1636"]
[PlyCount "117"]
[EventDate "1997.??.??"]

1. e4 c5 2. Nf3 Nc6 3. d4 cxd4 4. Nxd4 Nf6 5. Nc3 e5 6. Ndb5 d6 7. Bg5 a6 8.
Bxf6 gxf6 9. Na3 Be6 10. Nc4 f5 11. exf5 Bxf5 12. Ne3 Be6 13. Ne4 Be7 14. c3 d5
15. Ng3 d4 16. Nef5 Qd7 17. Ng7+ Kf8 18. Nxe6+ Qxe6 19. Be2 Rd8 20. Qc2 dxc3
21. bxc3 Qg6 22. Qxg6 hxg6 23. Rd1 Rxd1+ 24. Bxd1 f5 25. O-O Bc5 26. Bc2 Kg7
27. Rd1 Rd8 28. Rxd8 Nxd8 29. Kf1 Ne6 30. Ne2 Kf6 31. f3 Nc7 32. c4 Ne6 33. Nc3
Nd4 34. Bd1 Ke6 35. h3 Bb4 36. Nd5 Bd2 37. Kf2 Bg5 38. g3 Kd6 39. f4 exf4 40.
Nxf4 Bxf4 41. gxf4 Kc5 42. Ba4 b5 43. cxb5 axb5 44. Bd1 Kb4 45. Ke3 Kc3 46. h4
b4 47. Ba4 Ne6 48. Bb3 Nf8 49. Bf7 Kc2 50. Kd4 Kb2 51. Kd3 Nd7 52. Bxg6 Kxa2
53. Bxf5 Nf6 54. Be6+ Kb2 55. Kd4 b3 56. Ke5 Ne8 57. Bxb3 Kxb3 58. f5 Kc4 59.
f6 1-0

[Event "I Torneo Cecchina A"]
[Site "Roma ITA"]
[Date "1997.??.??"]
[Round "8"]
[White "Simeoni, Matteo"]
[Black "Capone, Gioacchino"]
[Result "1-0"]
[WhiteElo "1830"]
[BlackElo "1699"]
[PlyCount "109"]
[EventDate "1997.??.??"]

1. e4 c5 2. Nf3 d6 3. Bb5+ Bd7 4. Bxd7+ Nxd7 5. d4 cxd4 6. Qxd4 Ngf6 7. Nc3 g6
8. Bg5 Bg7 9. O-O-O O-O 10. Rhe1 Ng4 11. Qb4 h6 12. Bh4 g5 13. Bg3 Qb6 14. Nd5
Qxb4 15. Nxb4 Nb6 16. h4 Na4 17. Nd3 f6 18. Nd4 Rfc8 19. f3 Ne5 20. Nxe5 dxe5
21. Nf5 Rc7 22. hxg5 hxg5 23. Rh1 Rac8 24. Ne3 e6 25. Rd2 Nb6 26. Rhd1 Kf7 27.
Bf2 Bf8 28. Rh1 Kg6 29. Kb1 f5 30. b3 Bc5 31. c4 Bd4 32. Nd1 Rd7 33. Bxd4 exd4
34. Nf2 e5 35. Nd3 Re7 36. exf5+ Kxf5 37. Rh6 g4 38. Rh5+ Kf6 39. fxg4 e4 40.
Rf2+ Kg7 41. Ne5 Nd7 42. Rff5 Nxe5 43. Rxe5 Rxe5 44. Rxe5 e3 45. Kc2 Kf6 46.
Re4 Rd8 47. Kd3 Kg5 48. b4 Kh4 49. c5 a5 50. b5 a4 51. c6 bxc6 52. bxc6 a3 53.
c7 Rc8 54. Rxd4 Rxc7 55. Kxe3 1-0

[Event "I Torneo Cecchina A"]
[Site "Roma ITA"]
[Date "1997.??.??"]
[Round "8"]
[White "Tosoni, Augusto"]
[Black "Spano' Cuomo, Gaetano"]
[Result "1-0"]
[WhiteElo "2116"]
[BlackElo "1641"]
[PlyCount "107"]
[EventDate "1997.??.??"]

1. e4 e5 2. Nf3 Nc6 3. Bb5 a6 4. Ba4 Nf6 5. O-O b5 6. Bb3 Be7 7. Re1 d6 8. c3
O-O 9. h3 Na5 10. Bc2 c5 11. d4 cxd4 12. cxd4 Nc6 13. Nc3 exd4 14. Nxd4 Nxd4
15. Qxd4 Be6 16. Bf4 Rc8 17. Rad1 Re8 18. Bb3 Bxb3 19. axb3 Bf8 20. Bg5 Be7 21.
Re3 Qd7 22. Bxf6 Bxf6 23. e5 Rxe5 24. Rxe5 Qc6 25. Nd5 dxe5 26. Qg4 Kh8 27. Rd3
Qe6 28. Qe4 g6 29. Ne3 Bg7 30. g4 h5 31. gxh5 Qxh3 32. hxg6 f5 33. Qh1 Rc1+ 34.
Nd1 Qxh1+ 35. Kxh1 Bf6 36. Rd7 e4 37. Kg2 Be5 38. Ne3 f4 39. Nd5 f3+ 40. Kh3
Rg1 41. Rh7+ Kg8 42. Re7 e3 43. Nxe3 Bf6 44. Re6 Rxg6 45. Ng4 Kf7 46. Rxf6+
Rxf6 47. Nxf6 Kxf6 48. Kg4 Ke5 49. Kxf3 Kf5 50. Ke3 Ke5 51. f4+ Kf5 52. b4 Ke6
53. Ke4 Kf6 54. f5 1-0

[Event "II C.to Romano"]
[Site "Roma ITA"]
[Date "1997.??.??"]
[Round "1"]
[White "Barro, Carlo"]
[Black "Corvi, Marco"]
[Result "1/2-1/2"]
[WhiteElo "1747"]
[BlackElo "2260"]
[PlyCount "79"]
[EventDate "1997.??.??"]

1. Nf3 f5 2. d3 d5 3. c4 e6 4. cxd5 exd5 5. g3 Nf6 6. Bg2 Be7 7. O-O O-O 8.
Nbd2 Nc6 9. Qb3 a5 10. a4 Kh8 11. Ng5 Nd4 12. Qd1 c6 13. e3 Ne6 14. Nxe6 Bxe6
15. Nf3 Nd7 16. Nd4 Bg8 17. Bh3 g6 18. Rb1 Bf6 19. Ne2 Ne5 20. Nf4 d4 21. exd4
Qxd4 22. b3 Rad8 23. Bb2 Qd6 24. Re1 Nd7 25. Bf1 Rfe8 26. h4 Nb6 27. Qd2 Rxe1
28. Rxe1 Bxb2 29. Qxb2+ Qd4 30. Qd2 Bxb3 31. Qxa5 Ra8 32. Qd2 Bf7 33. Re7 Qf6
34. Rxf7 Qxf7 35. Qb2+ Kg8 36. Qxb6 Rxa4 37. Qd8+ Qf8 38. Qd7 Qf7 39. Qd8+ Qf8
40. Qd7 1/2-1/2

[Event "II C.to Romano"]
[Site "Roma ITA"]
[Date "1997.??.??"]
[Round "1"]
[White "Castillo, Juan"]
[Black "Vignato, Giovanni"]
[Result "1/2-1/2"]
[WhiteElo "1600"]
[BlackElo "2150"]
[PlyCount "62"]
[EventDate "1997.??.??"]

1. e4 c6 2. d4 d5 3. e5 Bf5 4. g4 Bd7 5. f4 e6 6. Nf3 c5 7. c3 Nc6 8. Be3 cxd4
9. Bxd4 Nxd4 10. Qxd4 Ne7 11. Nbd2 h5 12. g5 Nf5 13. Qf2 Qc7 14. Bd3 Bc5 15.
Nd4 Nxd4 16. cxd4 Bb4 17. O-O Bxd2 18. Qxd2 Qb6 19. Be2 g6 20. Rac1 O-O 21. Rc5
Rfc8 22. Rfc1 Rxc5 23. Rxc5 Rc8 24. Rxc8+ Bxc8 25. Qc3 Qc6 26. Kf2 Qxc3 27.
bxc3 Kf8 28. Ke3 Ke7 29. Kd2 Bd7 30. Kc2 Kd8 31. Kb3 Kc7 1/2-1/2

[Event "II C.to Romano"]
[Site "Roma ITA"]
[Date "1997.??.??"]
[Round "1"]
[White "De Vita, Gianni"]
[Black "Bruno, Fabio"]
[Result "1-0"]
[WhiteElo "2155"]
[BlackElo "2260"]
[PlyCount "98"]
[EventDate "1997.??.??"]

1. e4 c5 2. c3 d5 3. exd5 Qxd5 4. d4 Nf6 5. Nf3 e6 6. Bd3 Nc6 7. O-O Be7 8. Na3
O-O 9. Nc2 b6 10. Re1 Bb7 11. Qe2 Rfd8 12. Bc4 Qh5 13. Bf4 Na5 14. Ne5 Nxc4 15.
Qxc4 Qf5 16. Nd3 Bd5 17. Qb5 c4 18. Bc7 Rdc8 19. Ne3 Qxd3 20. Nxd5 Nxd5 21. Bg3
a6 22. Qd7 Rd8 23. Qb7 h5 24. h3 a5 25. Re5 Bd6 26. Rxd5 exd5 27. Bxd6 Qg6 28.
Be5 Re8 29. Qxd5 Qe6 30. Qb5 f6 31. Bc7 Re7 32. Bg3 g6 33. d5 Qf5 34. Qxc4 Rc8
35. Qd4 Rc5 36. Rd1 Re4 37. Qd2 h4 38. f3 Re8 39. Bxh4 Re5 40. d6 Rcd5 41. Qc1
Rxd1+ 42. Qxd1 Rd5 43. Qb3 Qe6 44. Bg3 b5 45. Kh2 Kf7 46. c4 Rd2 47. Bf4 Rd4
48. Qxb5 Rxf4 49. Qb7+ Ke8 1-0

[Event "II C.to Romano"]
[Site "Roma ITA"]
[Date "1997.??.??"]
[Round "1"]
[White "Drago, Valentino"]
[Black "Marzano, Carlo"]
[Result "0-1"]
[WhiteElo "1624"]
[BlackElo "2160"]
[PlyCount "118"]
[EventDate "1997.??.??"]

1. d4 c5 2. c3 Nf6 3. Nf3 e6 4. Bf4 cxd4 5. Nxd4 a6 6. e3 d5 7. Nd2 Nc6 8. Nxc6
bxc6 9. Bd3 Be7 10. O-O O-O 11. a4 a5 12. Qe2 Nd7 13. Nf3 Nc5 14. Rfe1 Nxd3 15.
Qxd3 f6 16. e4 e5 17. Be3 Be6 18. Red1 Qc7 19. Qc2 Rab8 20. Rd2 Rfd8 21. Rb1
Qc8 22. Ne1 Kh8 23. f3 Qa6 24. Qd3 Qc8 25. Qc2 Qa6 26. Qd3 Qc8 27. Qc2 Bf7 28.
exd5 cxd5 29. Rbd1 Qc4 30. f4 Bg6 31. f5 Be8 32. Ra1 Rb3 33. Qd3 Qc7 34. Qa6
Bc6 35. Qe2 Qd7 36. Nf3 Qxf5 37. Nh4 Qe4 38. Qf2 d4 39. cxd4 Rxe3 40. Nf5 Bb4
41. Nxe3 Bxd2 42. Qxd2 Rxd4 43. Qf2 Rxa4 44. Re1 h6 45. Nf5 Qf4 46. Qxf4 exf4
47. Rc1 Be4 48. Nd6 f5 49. h4 Ra2 50. h5 Rxb2 51. Rc8+ Kh7 52. Nf7 Rxg2+ 53.
Kf1 g6 54. Rc7 Rc2 55. Ra7 gxh5 56. Ne5+ Kg8 57. Rxa5 h4 58. Ng6 h3 59. Ne7+
Kf7 0-1

[Event "II C.to Romano"]
[Site "Roma ITA"]
[Date "1997.??.??"]
[Round "1"]
[White "Esuperanzi, Gianbattista"]
[Black "Ragonese, Lucio Rosario"]
[Result "0-1"]
[WhiteElo "1600"]
[BlackElo "2060"]
[PlyCount "82"]
[EventDate "1997.??.??"]

1. e4 d5 2. exd5 Qxd5 3. Nc3 Qa5 4. Be2 e5 5. d3 c6 6. Nf3 Nf6 7. Bd2 Qc7 8.
O-O Bf5 9. Re1 Nbd7 10. Ng5 h6 11. Nge4 O-O-O 12. Bf3 g5 13. a4 g4 14. Nxf6
Nxf6 15. Be4 Nxe4 16. Nxe4 Be7 17. a5 h5 18. Ng3 Be6 19. Bc3 f6 20. d4 h4 21.
Nf1 c5 22. d5 Rxd5 23. Qe2 Rdd8 24. Ne3 g3 25. fxg3 hxg3 26. hxg3 Rdg8 27. Qf3
Rg5 28. a6 Rhg8 29. axb7+ Qxb7 30. Qxb7+ Kxb7 31. Nf1 Bf5 32. Bd2 R5g7 33. c3
Bd3 34. Re3 c4 35. Rxd3 cxd3 36. b4 Bd6 37. Be3 a6 38. Kf2 e4 39. Nd2 Bxg3+ 40.
Kf1 f5 41. Ra5 f4 0-1

[Event "II C.to Romano"]
[Site "Roma ITA"]
[Date "1997.??.??"]
[Round "1"]
[White "Galdelli, Fabiano"]
[Black "Quimi, Marco"]
[Result "0-1"]
[WhiteElo "1738"]
[BlackElo "2240"]
[PlyCount "92"]
[EventDate "1997.??.??"]

1. e4 c5 2. Nf3 e6 3. d4 cxd4 4. Nxd4 a6 5. Nc3 Qc7 6. Be2 Nc6 7. Be3 Nf6 8.
Qd2 Bb4 9. f3 Ne5 10. O-O Nc4 11. Bxc4 Qxc4 12. Nde2 O-O 13. Kh1 b5 14. Qd3 Bb7
15. a4 Rfc8 16. Rfd1 d5 17. axb5 axb5 18. Rxa8 Bxa8 19. exd5 Nxd5 20. Nxd5 Bxd5
21. c3 Bf8 22. Qxc4 Bxc4 23. Nc1 e5 24. Kg1 f6 25. Kf2 Rc7 26. Rd2 Kf7 27. Ne2
g6 28. g4 Be7 29. Bb6 Rc6 30. Be3 Ra6 31. Ng3 Ke6 32. Kg2 f5 33. gxf5+ gxf5 34.
Ne2 f4 35. Bf2 Kf5 36. h4 Rg6+ 37. Kh2 Ke6 38. b4 Bd5 39. Ng1 Bc6 40. Be1 Kf5
41. Bf2 e4 42. fxe4+ Bxe4 43. Be1 Bd6 44. Rxd6 Rxd6 45. Ne2 Rd1 46. Nd4+ Kg4
0-1

[Event "II C.to Romano"]
[Site "Roma ITA"]
[Date "1997.??.??"]
[Round "1"]
[White "Iatrino, Vincenzo"]
[Black "Passerotti, Pierluigi"]
[Result "0-1"]
[WhiteElo "1767"]
[BlackElo "2310"]
[PlyCount "66"]
[EventDate "1997.??.??"]

1. e4 c5 2. Nf3 Nc6 3. d4 cxd4 4. Nxd4 g6 5. Be3 Nf6 6. Nc3 Bg7 7. f3 O-O 8.
Bc4 Qb6 9. Bb3 Nxe4 10. Nd5 Qa5+ 11. c3 Bxd4 12. Bxd4 Nc5 13. Bc4 Ne6 14. Be3
Ng7 15. g4 d6 16. Bg5 Be6 17. b4 Qd8 18. h4 f6 19. Bh6 Qd7 20. Qe2 Ne5 21. Bb5
Qd8 22. Nf4 Bf7 23. g5 Rc8 24. Rc1 Qb6 25. Ba4 a5 26. Bb3 axb4 27. Bxf7+ Rxf7
28. Bxg7 Rxg7 29. Ne6 Rf7 30. f4 Rxc3 31. Rxc3 bxc3 32. fxe5 Qb1+ 33. Qd1 c2
0-1

[Event "II C.to Romano"]
[Site "Roma ITA"]
[Date "1997.??.??"]
[Round "1"]
[White "Lantini, Marco"]
[Black "Vannelli, Vittorio"]
[Result "1-0"]
[WhiteElo "2190"]
[BlackElo "1636"]
[PlyCount "71"]
[EventDate "1997.??.??"]

1. e4 e5 2. Nf3 Nc6 3. d4 exd4 4. Nxd4 Bc5 5. Nxc6 Qf6 6. Qd2 dxc6 7. Nc3 Bd7
8. Bd3 Ne7 9. O-O O-O-O 10. Na4 Bd6 11. Qa5 Qe5 12. Qxe5 Bxe5 13. Be3 f5 14.
Bg5 fxe4 15. Bxe4 Rde8 16. Nc5 Bf5 17. Rfe1 Bxe4 18. Rxe4 Bd6 19. Rae1 Bxc5 20.
Bxe7 Bxe7 21. Rxe7 Kd8 22. Rxe8+ Rxe8 23. Rxe8+ Kxe8 24. f4 Ke7 25. g4 Ke6 26.
Kf2 Kd5 27. Ke3 c5 28. c4+ Kxc4 29. Ke4 b5 30. f5 b4 31. g5 b3 32. axb3+ Kxb3
33. f6 gxf6 34. gxf6 c4 35. f7 Kxb2 36. f8=Q 1-0

[Event "II C.to Romano"]
[Site "Roma ITA"]
[Date "1997.??.??"]
[Round "1"]
[White "Malloni, Marcello"]
[Black "Scagliarini, Valentina"]
[Result "1-0"]
[WhiteElo "2225"]
[BlackElo "1642"]
[PlyCount "135"]
[EventDate "1997.??.??"]

1. d4 d5 2. c4 e6 3. Nc3 Nf6 4. Bg5 Nbd7 5. e3 Be7 6. Nf3 O-O 7. Rc1 c6 8. a3
Re8 9. Qc2 a6 10. c5 Nf8 11. Bd3 N6d7 12. Bf4 Bf6 13. O-O e5 14. dxe5 Bxe5 15.
Nxe5 Nxe5 16. Be2 Bg4 17. f3 Bh5 18. Bg3 Nfd7 19. b4 Qe7 20. Rfe1 Rad8 21. Rcd1
Bg6 22. Qd2 h6 23. Bf1 Nf6 24. Qf2 Nh5 25. Bh4 Nf6 26. h3 Qe6 27. Rd4 Rc8 28.
e4 dxe4 29. Bxf6 Qxf6 30. Nxe4 Bxe4 31. Rdxe4 Re7 32. Rd4 Rce8 33. Red1 Ng6 34.
Qd2 Nf8 35. Bc4 Re3 36. Kh1 Qe7 37. Rf4 Re1+ 38. Kh2 Rxd1 39. Qxd1 Ne6 40. Re4
Qc7+ 41. Kg1 Rd8 42. Qe1 Nd4 43. Re7 Rd7 44. Re8+ Kh7 45. h4 Ne6 46. Bxe6 fxe6
47. Qe4+ g6 48. h5 Qg3 49. Qxg6+ Qxg6 50. hxg6+ Kxg6 51. Rxe6+ Kg7 52. Kf2 h5
53. Ke3 Kf7 54. Rh6 Re7+ 55. Kf4 Re2 56. Rxh5 Rxg2 57. Rh7+ Ke8 58. Rxb7 Ra2
59. Rb6 Rxa3 60. Rxc6 Kd7 61. Rb6 Ra4 62. Ke5 Kc7 63. f4 Ra1 64. f5 Re1+ 65.
Kf6 Rc1 66. Rxa6 Kb7 67. Rb6+ Kc7 68. Ke7 1-0

[Event "II C.to Romano"]
[Site "Roma ITA"]
[Date "1997.??.??"]
[Round "1"]
[White "Medori, Marco"]
[Black "Scagliarini, Bruno"]
[Result "1/2-1/2"]
[WhiteElo "1600"]
[BlackElo "1974"]
[PlyCount "163"]
[EventDate "1997.??.??"]

1. e4 e6 2. d4 d5 3. e5 c5 4. c3 Nc6 5. Nf3 Qb6 6. Be2 cxd4 7. cxd4 Nh6 8. Nc3
Nf5 9. Na4 Bb4+ 10. Bd2 Qa5 11. Bc3 b5 12. a3 Bxc3+ 13. Nxc3 b4 14. axb4 Qxb4
15. Qa4 Bd7 16. Qxb4 Nxb4 17. Kd2 O-O 18. g4 Ne7 19. Ra3 Rfc8 20. Rha1 Rc7 21.
Ne1 f6 22. f4 Ng6 23. Ke3 fxe5 24. fxe5 Nc6 25. Nd3 Rb8 26. Nc5 Nb4 27. Rxa7
Rxc5 28. dxc5 Nc2+ 29. Kf2 Nxa1 30. Rxd7 Nxe5 31. Ra7 Nc2 32. Na4 Nd4 33. Nb6
Nec6 34. Ra4 Nb3 35. Nd7 Rd8 36. Ra6 Nb4 37. c6 Nxc6 38. Rxc6 Rxd7 39. Rxe6 Nd4
40. Rb6 Rc7 41. Bd3 g6 42. Rd6 Rc5 43. b4 Rc3 44. Ke3 Nc6 45. b5 Nb4 46. Rxd5
Nxd5+ 47. Kd4 Rxd3+ 48. Kxd3 Kf7 49. h4 h6 50. Kd4 Ke6 51. Kc5 Ke5 52. g5 h5
53. Kc6 Ke6 54. Kc5 Ne7 55. Kb6 Kd6 56. Kb7 Kd7 57. Ka7 Kc8 58. b6 Nc6+ 59. Ka8
Na5 60. Ka7 Nb7 61. Ka8 Nd8 62. Ka7 Nc6+ 63. Ka8 Kd7 64. Kb7 Nd8+ 65. Ka8 Kc6
66. Ka7 Kd7 67. Kb8 Kc6 68. Ka7 Nb7 69. Ka6 Nc5+ 70. Ka7 Nd7 71. b7 Kc7 72. Ka8
Kd6 73. b8=Q+ Nxb8 74. Kxb8 Ke5 75. Kc7 Kf4 76. Kd6 Kg4 77. Ke6 Kxh4 78. Kf6
Kg4 79. Kxg6 h4 80. Kf6 h3 81. g6 h2 82. g7 1/2-1/2

[Event "II C.to Romano"]
[Site "Roma ITA"]
[Date "1997.??.??"]
[Round "1"]
[White "Rossi De Gasperis, Pietro"]
[Black "Nurkic, Sahbaz"]
[Result "0-1"]
[WhiteElo "1800"]
[BlackElo "2430"]
[PlyCount "30"]
[EventDate "1997.??.??"]

1. e4 g6 2. d4 Bg7 3. Nc3 c6 4. Be3 Nf6 5. f3 d6 6. Qd2 Qa5 7. Bh6 Bxh6 8. Qxh6
Nbd7 9. Nh3 b5 10. Ng5 b4 11. Qg7 Rf8 12. Bc4 Qxg5 13. Ne2 d5 14. h4 Qxg2 15.
O-O-O dxc4 0-1

[Event "II C.to Romano"]
[Site "Roma ITA"]
[Date "1997.??.??"]
[Round "1"]
[White "Scolozzi, Umberto"]
[Black "Lavieri, Doriano"]
[Result "1/2-1/2"]
[WhiteElo "1600"]
[BlackElo "1855"]
[PlyCount "90"]
[EventDate "1997.??.??"]

1. d4 d5 2. c4 c6 3. Nf3 Nf6 4. Nc3 a6 5. Bg5 e6 6. e3 b5 7. c5 Be7 8. Bd3 Nbd7
9. O-O O-O 10. Rc1 Re8 11. h3 Bb7 12. Bf4 Nf8 13. Bb1 Ng6 14. Bh2 Qc8 15. Qc2
Bd8 16. Ne5 Bc7 17. f4 Nd7 18. g4 Ngf8 19. g5 a5 20. h4 b4 21. Na4 Ba6 22. Rf2
Bb5 23. h5 Nxe5 24. fxe5 g6 25. h6 Nd7 26. Qd1 Bd8 27. Bf4 Qa6 28. Rd2 Be7 29.
Bd3 Bxd3 30. Rxd3 Qb5 31. b3 Ra7 32. Rd2 Nb8 33. Rf2 Na6 34. Qf1 Qb7 35. Kh2
Nc7 36. Kh3 Nb5 37. Kh4 Bd8 38. Qd3 Qd7 39. Qf1 Rb7 40. Qd3 Qc8 41. Rcf1 Rd7
42. Rc1 Qb7 43. Rd2 Be7 44. Rf1 Rf8 45. Kg4 Bd8 1/2-1/2

[Event "II C.to Romano"]
[Site "Roma ITA"]
[Date "1997.??.??"]
[Round "1"]
[White "Sibilio, Mario"]
[Black "Pasqualucci, Colombo"]
[Result "1-0"]
[WhiteElo "2320"]
[BlackElo "1794"]
[PlyCount "103"]
[EventDate "1997.??.??"]

1. d4 Nf6 2. c4 e5 3. dxe5 Ng4 4. e4 Nxe5 5. Nc3 Bc5 6. Bf4 Nbc6 7. Be2 O-O 8.
Nf3 d6 9. O-O Ng6 10. Bg3 f5 11. exf5 Bxf5 12. a3 a5 13. Qd2 Qd7 14. Rfe1 Rae8
15. Rad1 Kh8 16. Nd5 a4 17. Nc3 Na5 18. Nd4 Ne5 19. Nxf5 Qxf5 20. Kh1 Nexc4 21.
Qc1 Nb6 22. h3 Qg6 23. Rf1 Rf5 24. Ne4 Nd7 25. Kh2 Bb6 26. f4 Nc6 27. Bd3 Qh6
28. Ng5 Rff8 29. Rde1 Rxe1 30. Rxe1 Nf6 31. Qd1 Qh5 32. Qxh5 Nxh5 33. Nxh7 Ra8
34. Ng5 Nxg3 35. Kxg3 Bd4 36. Re2 Bf6 37. Nh7 Bd4 38. Kg4 Kg8 39. Kh5 d5 40.
Bg6 Bf6 41. Nxf6+ gxf6 42. Kh6 Kf8 43. Re6 d4 44. Rxf6+ Ke7 45. Rf7+ Kd6 46. h4
Ne7 47. Be4 Rh8+ 48. Kg5 b5 49. Rf6+ Kd7 50. f5 c5 51. Rb6 c4 52. f6 1-0

[Event "II C.to Romano"]
[Site "Roma ITA"]
[Date "1997.??.??"]
[Round "1"]
[White "Simeoni, Matteo"]
[Black "Colantonio, Marco"]
[Result "1-0"]
[WhiteElo "1830"]
[BlackElo "1543"]
[PlyCount "73"]
[EventDate "1997.??.??"]

1. e4 e6 2. d4 d5 3. Nc3 Bb4 4. Bd3 dxe4 5. Bxe4 Nf6 6. Bg5 h6 7. Bxf6 Qxf6 8.
Nf3 Nd7 9. O-O O-O 10. Re1 c6 11. Bd3 Qd8 12. Ne5 Nf6 13. Re3 c5 14. dxc5 Bxc5
15. Rf3 Bd4 16. Qe2 Qc7 17. Nc4 a6 18. Ne4 b5 19. Nxf6+ Bxf6 20. Qe4 g6 21.
Rxf6 Bb7 22. Qe5 Qc6 23. Ne3 Rad8 24. Qg3 Rd7 25. Bxg6 fxg6 26. Rxg6+ Kf7 27.
Rg7+ Ke8 28. Qg6+ Rdf7 29. Rxf7 Rxf7 30. Qxh6 Qe4 31. Qh8+ Rf8 32. Qh5+ Rf7 33.
Qg4 Qe5 34. Qg3 Qe4 35. Rd1 e5 36. Qg8+ Rf8 37. Qe6# 1-0

[Event "II C.to Romano"]
[Site "Roma ITA"]
[Date "1997.??.??"]
[Round "1"]
[White "Spano' Cuomo, Gaetano"]
[Black "Farina, Saverio"]
[Result "1/2-1/2"]
[WhiteElo "1641"]
[BlackElo "2195"]
[PlyCount "135"]
[EventDate "1997.??.??"]

1. d4 d5 2. Nf3 c5 3. c3 Nc6 4. Bf4 Nf6 5. e3 Qb6 6. Qc2 cxd4 7. exd4 Bf5 8.
Qb3 Qxb3 9. axb3 e6 10. Na3 Be7 11. Be2 O-O 12. O-O Ne4 13. Bd1 a6 14. Nc2 h6
15. b4 Nd6 16. Ne3 Bd3 17. Re1 Nf5 18. Be2 Bxe2 19. Rxe2 Nxe3 20. fxe3 Bf6 21.
e4 dxe4 22. Rxe4 Rfd8 23. Ne5 Bxe5 24. Bxe5 Rac8 25. Rf1 Rd5 26. Bg3 Ne7 27.
Be1 Rf5 28. b3 Rxf1+ 29. Kxf1 b5 30. Ke2 Nd5 31. Kd3 f5 32. Re5 Kf7 33. Bd2 Rb8
34. Re1 g5 35. Ra1 Rb6 36. h4 Kg6 37. hxg5 hxg5 38. c4 Nf6 39. Bc3 f4 40. d5
exd5 41. c5 Re6 42. Bxf6 Kxf6 43. Ra2 Ke7 44. Kd4 Kd8 45. Kxd5 Kd7 46. Rd2 Re1
47. Kd4 Kc6 48. Kd3 Re3+ 49. Kc2 Re6 50. Kc3 Rf6 51. Kd4 f3 52. gxf3 Rxf3 53.
Rd3 Rf4+ 54. Kc3 Rf6 55. Rg3 Rg6 56. Kd4 g4 57. Ke5 a5 58. Kf5 Rg8 59. bxa5
Kxc5 60. Rxg4 Rf8+ 61. Ke6 b4 62. Ke7 Rf3 63. Rg5+ Kc6 64. a6 Rxb3 65. Rg6+ Kc7
66. a7 Kb7 67. Ra6 Ka8 68. Ra4 1/2-1/2

[Event "II C.to Romano"]
[Site "Roma ITA"]
[Date "1997.??.??"]
[Round "1"]
[White "Tosoni, Augusto"]
[Black "Manzanilla, Rufino"]
[Result "1/2-1/2"]
[WhiteElo "2116"]
[BlackElo "1600"]
[PlyCount "126"]
[EventDate "1997.??.??"]

1. e4 c5 2. Nf3 Nc6 3. c3 d5 4. exd5 Qxd5 5. Be2 g6 6. O-O Bg7 7. Na3 a6 8. Nc2
Nf6 9. d4 cxd4 10. Nfxd4 O-O 11. Bf3 Qd6 12. Nxc6 bxc6 13. Nb4 Bb7 14. Nxc6 Qc7
15. Nd4 e5 16. Bxb7 Qxb7 17. Nb3 Rfd8 18. Qe2 Ne8 19. Be3 a5 20. Rad1 a4 21.
Nc5 Qc6 22. Rxd8 Rxd8 23. Rd1 Ra8 24. a3 Bf8 25. Nd7 f6 26. Nxf8 Kxf8 27. Qd2
Ke7 28. f3 Nd6 29. Qf2 Ke6 30. Qh4 Nf5 31. Qh3 h5 32. Bf2 Rb8 33. g4 hxg4 34.
fxg4 Ng7 35. Rd2 Qe4 36. Qg2 Qxg2+ 37. Kxg2 Rc8 38. Bb6 Ne8 39. Ba5 Nd6 40. Bb4
Nc4 41. Rd3 e4 42. Rd4 Ke5 43. Rd7 Kf4 44. h3 f5 45. gxf5 gxf5 46. Kf2 Rh8 47.
Rd4 Nxb2 48. Bd6+ Kg5 49. Kg3 Rc8 50. h4+ Kf6 51. Bb4 Nd3 52. Kg2 Nxb4 53. Rxb4
Rxc3 54. Rxa4 Ke5 55. h5 Kf4 56. h6 Kg4 57. Ra7 Rc2+ 58. Kg1 Rc1+ 59. Kf2 Kf4
60. h7 Rh1 61. Re7 e3+ 62. Rxe3 Rxh7 63. Rb3 Rh2+ 1/2-1/2

[Event "II C.to Romano"]
[Site "Roma ITA"]
[Date "1997.??.??"]
[Round "1"]
[White "Vallifuoco, Giovanni"]
[Black "Mastroddi, Emiliano"]
[Result "1-0"]
[WhiteElo "2255"]
[BlackElo "1753"]
[PlyCount "61"]
[EventDate "1997.??.??"]

1. d4 d5 2. c4 c6 3. Nf3 Nf6 4. Nc3 dxc4 5. e3 Bf5 6. Bxc4 e6 7. O-O Nbd7 8.
Qe2 Be7 9. Rd1 O-O 10. e4 Bg4 11. h3 Bxf3 12. Qxf3 Nb6 13. Bb3 Qc8 14. Bg5 c5
15. Rac1 c4 16. Bc2 Rd8 17. e5 Nfd5 18. Ne4 Qd7 19. Nf6+ Bxf6 20. exf6 g6 21.
h4 Rac8 22. Be4 Na4 23. Qa3 b5 24. Bc2 Rc6 25. Bxa4 Ra6 26. h5 Rxa4 27. Qh3 Rc8
28. Re1 Rxa2 29. hxg6 fxg6 30. Rxe6 Qf7 31. Ra6 1-0